Despesa dels municipis catalans en serveis no obligatoris 2003-2009 : primers resultats primers resultats
Descripción Física:
61 p. ; 29 cm
Materias:
Política de despeses públiques
MARC
| LEADER | 00000nam a2200000Ia 4500 | ||
|---|---|---|---|
| 001 | 23640 | ||
| 008 | 160829s2011 xx 000 0 cat d | ||
| 080 | |a Bib-17 | ||
| 245 | |a Despesa dels municipis catalans en serveis no obligatoris 2003-2009 : |b primers resultats | ||
| 260 | |a Barcelona : |b Diputació de Barcelona, |c 2011 | ||
| 300 | |a 61 p. ; |c 29 cm | ||
| 650 | |a Política de despeses públiques |9 30120 | ||
| 710 | 1 | |a Barcelona (Catalunya : Província). |b Diputació |9 52408 | |
| 901 | |a Arxiu | ||
| 942 | |n 1 | ||
| 952 | |0 0 |1 0 |4 0 |6 BIB17 |7 1 |9 55488 |a Arxiu |b Arxiu |d 2016-12-01 |l 0 |o Bib-17 |p 23640 |r 2016-12-01 00:00:00 |w 2016-12-01 |y ARXIU | ||
| 999 | |c 59361 |d 59361 | ||